000 00676nam a22001817a 4500
003 AUA.1
005 20251105090811.0
008 250627b |||||||| |||| 00| 0 eng d
040 _cJTL
100 _aSahondrarison, Misaela Ranjaolisera
245 _aA strategy on Seventh-Day Adventist church involvement toward the social reinsertion of inmates of Tsiafahy Penitentiary, Madagascar /
_cMisaela Ranjaolisera Sahondrarison.
260 _cc2023.
300 _avi, 53 leaves
_bIllustration
_c30cm
610 _aTsiafahy Penitentiary
_zMadagascar
650 _aResocialization
650 _aInmates of institutions
942 _2aua
_cPROJECT
_hMA PTh
_i.S24 2023
999 _c25091
_d25091